000 00878nam a2200253Ia 4500
003 OSt
005 20221005111059.0
006 a|||||r|||| 00| 0
007 ta
008 221004b |||||||| |||| 00| 0 hin d
020 _a9788171193011 (hbk)
_c550
024 _a97240
037 _b574, 23/03/2009, Vani Prakashan
_cTextual
040 _aCRL
_cCRL
_bhin
041 _2hin
_ahin
082 _aV2.C, N7
100 _aभगवान सिंह
245 0 _aहड़प्पा सभ्यता और वैदिक साहित्य
246 _aHaड़ppā sabhyatā aur vaidik sāhitya
260 _aनई दिल्ली
_bराधाकृष्ण भारत
_c1997
300 _a599पृ0
_ccm.
942 _hV2.C, N7
_cTEXL
_2cc
999 _c1020750
_d1020750